000 00352nam a22001577a 4500
003 SGT
020 _a9780702080111
082 _a617.63
_bS23C
100 _aChallacombe, Stephen
245 _aScully's Oral & Maxillofacial Medicine
250 _a4th Ed.
260 _bElsevier
_c2023
300 _a420
650 _aOral Medicine
942 _2ddc
_cBK
999 _c32859
_d32859